000 02360cam a2200541 i 4500
001 18293214
003 OSt
005 20231204150804.0
007 ta
008 131118m20149999ii a b 001 0 eng d
010 _a 2014347661
020 _a9789354420016
_q(v. 6)
025 _aI-E-2014-347661; 61-92
035 _a(OCoLC)ocn864543550
035 _a(OCoLC)864543550
037 _aLibrary of Congress -- New Delhi Overseas Office
040 _aDKAGE
_beng
_erda
_cDKAGE
_dOCLCF
_dDLC
042 _alccopycat
_alcode
043 _aa-ii---
050 0 0 _aDS481.R27
_bA25 2014
082 0 4 _a954.035
_bRAJ/S
100 1 _aRajagopalachari, C.
_q(Chakravarti),
_d1878-1972,
_eauthor.
240 1 0 _aWorks.
_kSelections
245 1 0 _aSelected works of C. Rajagopalachari, Vol-VI, 1936-39 /
_cedited by Ravi K Mishra, Narendra Shukla
264 1 _aNew Delhi :
_bOrient Blackswan,
_c2014-<2022>
300 _a547p
_billustrations ;
_c25 cm
336 _atext
_btxt
_2rdacontent
337 _aunmediated
_bn
_2rdamedia
338 _avolume
_bnc
_2rdacarrier
500 _a"Issued under the auspices of Nehru Memorial Museum and Library."
500 _aVol. 4: Edited by Mukesh Kumar, Shilpa Menon.
500 _aVol. 5: Edited by Shakti Sinha, Ravi K. Mishra, Narendra Shukla.
500 _aVol. 6- : Edited by Ravi K. Mishra, Narendra Shukla.
504 _aIncludes bibliographical references and index.
505 1 _aVol. 1. 1907-21 -- vol. 2. 1921-22 -- vol. 3. 1923-25 -- vol. 4. 1926-30 -- vol. 5. 1931-35 -- vol. 6. 1936-39 -- vol. 7. 1940-46
651 0 _aIndia
_xPolitics and government
_y20th century.
700 1 _aRangarajan, Mahesh,
_eeditor.
700 1 _aBalakrishnan, N.,
_eeditor.
700 1 _aBhatnagar, Deepa,
_eeditor.
710 2 _aNehru Memorial Museum and Library,
_ecopyright holder.
906 _a7
_bcbc
_ccopycat
_d2
_encip
_f20
_gy-gencatlg
942 _2ddc
_cBK
_h954.035
_iRAJ S
_k954.035
_mRAJ S
999 _c43849
_d43849